Cinética química /

Contenido: Introducción; Predicción teórica de la velocidad de procesos elementales: Teoría de la colisión; Teoría del estado de transición; Estudio de los valores de la velocidad en función de factores regulables, efectos de concentración y temperatura; Factores que afectan la velocidad de reacción...

詳細記述

保存先:
書誌詳細
第一著者: Harris, Gordon M. (autor)
フォーマット: 図書
言語:スペイン語
出版事項: Barcelona, España : Reverté, 1973, c1973
主題:
タグ: タグ追加
タグなし, このレコードへの初めてのタグを付けませんか!

MARC

LEADER 00000nam^a2200000^a^4500
001 000140904
005 20250521000000.0
009 20260310095557.672
020 |a 84-291-7221-1 
037 |a Acervo ITESO - Biblioteca 
041 |a ESP 
082 |a 541. 394  |b HAR 
100 |a Harris, Gordon M.  |e (autor) 
245 1 0 |a Cinética química /  |c G.M. Harris ; tr. por Juan B. Vericad Raga. 
264 4 |a Barcelona, España :  |b Reverté,  |c 1973, c1973 
300 |a VIII, 125 p. 
336 |a texto  |b txt  |2 rdacontenido 
337 |a sin mediación  |b n  |2 rdamedio 
338 |a volumen  |b nc  |2 rdasoporte 
500 |a Traducción de: Chemical Kinetics 
520 |a Contenido: Introducción; Predicción teórica de la velocidad de procesos elementales: Teoría de la colisión; Teoría del estado de transición; Estudio de los valores de la velocidad en función de factores regulables, efectos de concentración y temperatura; Factores que afectan la velocidad de reacción en función de la concentración; Efectos ambientales sobre la velocidad de las reacciones químicas. 
649 |a XX 
650 |a Ecuaciones Químicas 
650 |a Solvatación 
650 |a Temperatura 
650 |a Catálisis 
650 |a Actividad Iónica 
650 |a Equilibrio Químico 
650 |a Reacciones Químicas 
650 |a Cinética Química 
650 |a Fisicoquímica 
910 |a Fondo General 
920 |a Impresos - Libros 
930 |a Colección General 
905 |a 101 
901 |a 0500069739  |b IT1  |c ACC  |u 20250521 
902 |a https://opac.biblio.iteso.mx/vufind/Record/000140904